[Event "Hofheim Spring op-B 6th"]
[Site "Hofheim"]
[Date "2018.04.07"]
[Round "8"]
[White "Meyer, Marcel"]
[Black "Weber, Guenter"]
[Result "1/2-1/2"]
[WhiteElo "1759"]
[BlackElo "1795"]
[PlyCount "82"]
[EventDate "2018.04.03"]
[EventType "swiss"]
[EventRounds "9"]
[EventCountry "GER"]
[SourceTitle "EXT 2020"]
[Source "ChessBase"]
[SourceDate "2019.10.17"]
[SourceVersion "1"]
[SourceVersionDate "2019.10.17"]
[SourceQuality "1"]

1. Nf3 Nf6 2. c4 d6 3. d4 g6 4. Nc3 Bg7 5. e4 0-0 6. Be2 Bg4 7. Be3 Nbd7 8. h3 Bxf3 9. Bxf3 e5 10. d5 Ne8 11. 0-0 f5 12. b4 Qh4 13. Qc1 f4 14. Bd2 g5 15. Bg4 Ndf6 16. Be6+ Kh8 17. f3 Qh5 18. Kf2 Qg6 19. Rh1 h5 20. Qa3 Bh6 21. Qa4 Ng7 22. Rac1 Nxe6 23. dxe6 c6 24. Rhd1 Rfc8 25. Qb3 g4 26. hxg4 hxg4 27. Rh1 Kg7 28. Rcg1 Rh8 29. Qd1 g3+ 30. Ke2 Ne8 31. Qa4 Qxe6 32. b5 Qc8 33. Qb4 Bg5 34. Rxh8 Kxh8 35. Rb1 Qd7 36. bxc6 bxc6 37. Qb7 Rd8 38. Qa6 Rc8 39. Rb7 Rc7 40. Rb8 Bd8 41. Na4 Qe7 1/2-1/2

[Event "Hofheim Spring op-B 6th"]
[Site "Hofheim"]
[Date "2018.04.06"]
[Round "7"]
[White "Weber, Guenter"]
[Black "Jelisavac, Nenad"]
[Result "1-0"]
[WhiteElo "1795"]
[BlackElo "1646"]
[PlyCount "85"]
[EventDate "2018.04.03"]
[EventType "swiss"]
[EventRounds "9"]
[EventCountry "GER"]
[SourceTitle "EXT 2020"]
[Source "ChessBase"]
[SourceDate "2019.10.17"]
[SourceVersion "1"]
[SourceVersionDate "2019.10.17"]
[SourceQuality "1"]

1. c4 c5 2. Nc3 Nc6 3. Nf3 Nf6 4. g3 d6 5. Bg2 e5 6. d3 Be7 7. Bg5 h6 8. Bxf6 Bxf6 9. 0-0 Be6 10. Nd2 0-0 11. a3 Qd7 12. e3 g5 13. Nde4 Bg7 14. f4 f5 15. Nd2 g4 16. Bd5 Rad8 17. Rb1 Ne7 18. Bxe6+ Qxe6 19. Qc2 d5 20. Rbe1 Qd6 21. cxd5 Nxd5 22. Nc4 Qc7 23. Nxd5 Rxd5 24. e4 fxe4 25. dxe4 Rd4 26. f5 Bf6 27. Ne3 h5 28. Nd5 Qc6 29. Re2 Kg7 30. Rd1 Rxd1+ 31. Qxd1 Rd8 32. Rc2 c4 33. Qe2 b5 34. Qe3 Rd6 35. Qxa7+ Rd7 36. Qe3 Bd8 37. Kf1 Qa6 38. Rd2 Qd6 39. Rf2 Qa6 40. f6+ Bxf6 41. Rxf6 Qxf6+ 42. Nxf6 Kxf6 43. Qh6+ 1-0

[Event "Hofheim Spring op-B 6th"]
[Site "Hofheim"]
[Date "2018.04.05"]
[Round "4"]
[White "Weber, Guenter"]
[Black "Stock, Juergen"]
[Result "0-1"]
[WhiteElo "1795"]
[BlackElo "1927"]
[PlyCount "138"]
[EventDate "2018.04.03"]
[EventType "swiss"]
[EventRounds "9"]
[EventCountry "GER"]
[SourceTitle "EXT 2020"]
[Source "ChessBase"]
[SourceDate "2019.10.17"]
[SourceVersion "1"]
[SourceVersionDate "2019.10.17"]
[SourceQuality "1"]

1. d4 e6 2. g3 f5 3. Nf3 c6 4. Bg2 d5 5. 0-0 Bd6 6. b3 Qe7 7. c4 Nf6 8. a4 a5 9. Ba3 Nbd7 10. Qc2 Bxa3 11. Nxa3 0-0 12. Ne5 Nxe5 13. dxe5 Ng4 14. Qc3 Qc5 15. e3 g5 16. h3 Nh6 17. f4 gxf4 18. gxf4 Kh8 19. Nc2 Ng8 20. Nd4 Ne7 21. Rac1 Rg8 22. Kh2 Qa7 23. Bf3 Bd7 24. c5 Rg7 25. Rg1 Rag8 26. Rxg7 Rxg7 27. Rc2 Qa8 28. Qe1 Ng6 29. Bh5 Qd8 30. Nf3 Nf8 31. Ng5 Be8 32. Qh4 Kg8 33. Bxe8 Qxe8 34. Qf2 Nd7 35. Nf3 Qf8 36. Nd4 Rg6 37. Qe1 Nxc5 38. Qxa5 Ne4 39. Qc7 c5 40. Nf3 Rg7 41. Rg2 Rxg2+ 42. Kxg2 Qg7+ 43. Qxg7+ Kxg7 44. h4 h6 45. Kf1 c4 46. bxc4 dxc4 47. Nd4 Kf7 48. Nb5 Ke7 49. Ke1 Kd7 50. Kd1 Kc6 51. Nd4+ Kd5 52. Kc2 b6 53. Ne2 Kc5 54. Nd4 Kb4 55. Nxe6 Kxa4 56. Nd4 b5 57. Nxf5 b4 58. Nd4 b3+ 59. Nxb3 cxb3+ 60. Kb2 Nc5 61. f5 Nd3+ 62. Kb1 Nxe5 63. Kb2 Nc4+ 64. Kb1 Kb4 65. f6 Ne5 66. Kb2 Kc4 67. e4 h5 68. Kc1 Kc3 69. Kb1 b2 0-1

[Event "Hofheim Spring op-B 6th"]
[Site "Hofheim"]
[Date "2018.04.04"]
[Round "2"]
[White "Chen, Victor1111"]
[Black "Weber, Guenter"]
[Result "0-1"]
[WhiteElo "1650"]
[BlackElo "1795"]
[PlyCount "106"]
[EventDate "2018.04.03"]
[EventType "swiss"]
[EventRounds "9"]
[EventCountry "GER"]
[SourceTitle "EXT 2020"]
[Source "ChessBase"]
[SourceDate "2019.10.17"]
[SourceVersion "1"]
[SourceVersionDate "2019.10.17"]
[SourceQuality "1"]

1. e4 d5 2. exd5 Qxd5 3. Nf3 Bg4 4. Be2 Nf6 5. d4 e6 6. h3 Bh5 7. c4 Qd8 8. 0-0 Be7 9. Nc3 0-0 10. Qb3 b6 11. Bf4 Bd6 12. Ne5 Bxe2 13. Nxe2 Qe8 14. Qf3 Nbd7 15. Nc6 e5 16. Bg3 e4 17. Qe3 Nh5 18. Bxd6 cxd6 19. Qg5 Nhf6 20. d5 Nb8 21. Ned4 Nxc6 22. Nxc6 Qd7 23. Rae1 Rae8 24. Re3 h6 25. Qf4 Kh7 26. Ra3 Ra8 27. Re1 Rfe8 28. g4 a6 29. g5 Nh5 30. Qe3 hxg5 31. Qxg5 g6 32. Kh2 Kg7 33. Rg1 Nf6 34. Nd4 Re5 35. Ne6+ Rxe6 36. dxe6 Qxe6 37. Rc3 Rh8 38. Qg3 Rh5 39. Rd1 Ng4+ 40. Kg2 Ne5 41. b3 Qf6 42. Kf1 Nf3 43. Rxf3 exf3 44. Qxd6 Qf5 45. Qd4+ Kh7 46. Rd3 Rxh3 47. Ke1 Rh1+ 48. Kd2 Qg5+ 49. Re3 Qg1 50. Qf4 Qxf2+ 51. Kd3 Rd1+ 52. Ke4 Qc2+ 53. Ke5 Qb2+ 0-1

[Event "Hofheim Spring op-B 6th"]
[Site "Hofheim"]
[Date "2018.04.03"]
[Round "1"]
[White "Weber, Guenter"]
[Black "Varsha, Ramesh"]
[Result "1/2-1/2"]
[WhiteElo "1795"]
[BlackElo "1334"]
[PlyCount "69"]
[EventDate "2018.04.03"]
[EventType "swiss"]
[EventRounds "9"]
[EventCountry "GER"]
[SourceTitle "EXT 2020"]
[Source "ChessBase"]
[SourceDate "2019.10.17"]
[SourceVersion "1"]
[SourceVersionDate "2019.10.17"]
[SourceQuality "1"]

1. d4 Nf6 2. c4 e6 3. Nf3 Bb4+ 4. Nbd2 0-0 5. a3 Be7 6. e4 d5 7. e5 Nfd7 8. c5 f6 9. exf6 Bxf6 10. Be2 e5 11. dxe5 Nxe5 12. 0-0 Nbc6 13. Re1 Bf5 14. Nb3 Kh8 15. Nfd4 Qd7 16. Bb5 a6 17. Nxc6 Nxc6 18. Bxc6 bxc6 19. Nd4 Bg6 20. Be3 Rab8 21. Ra2 Rfe8 22. b4 a5 23. Rb2 Re7 24. h3 Qe8 25. Qd2 Bxd4 26. Qxd4 Re4 27. Qd1 axb4 28. axb4 Qe5 29. Rb3 d4 30. Bd2 Re8 31. Rxe4 Qxe4 32. Rg3 Qe2 33. Qc1 Rf8 34. Qe1 Re8 35. Qc1 1/2-1/2

[Event "Hofheim Spring op-B 5th"]
[Site "Hofheim"]
[Date "2017.04.11"]
[Round "9"]
[White "Maam, Tsendjav"]
[Black "Weber, Guenter"]
[Result "1-0"]
[WhiteElo "1850"]
[BlackElo "1763"]
[PlyCount "75"]
[EventDate "2017.04.07"]
[EventType "swiss"]
[EventRounds "9"]
[EventCountry "GER"]
[SourceTitle "CBM 178 Extra"]
[Source "ChessBase"]
[SourceDate "2017.06.22"]
[SourceVersion "1"]
[SourceVersionDate "2017.06.22"]
[SourceQuality "1"]

1. d4 d5 2. c4 c6 3. e3 Nf6 4. Nf3 Bg4 5. h3 Bh5 6. cxd5 Nxd5 7. e4 Nb6 8. Be2 e6 9. 0-0 Be7 10. Nc3 0-0 11. Be3 Bxf3 12. Bxf3 Bg5 13. Qe2 f5 14. a4 a5 15. Rad1 Kh8 16. d5 Bxe3 17. dxe6 Qe7 18. Qxe3 fxe4 19. Qxe4 Na6 20. Rfe1 Nc5 21. Qg4 Rf6 22. Qd4 Rff8 23. b4 Ncxa4 24. Nxa4 Nxa4 25. bxa5 Nc5 26. Qb4 Rfe8 27. Bg4 Rab8 28. f4 Na6 29. Qxe7 Rxe7 30. Rd7 Ree8 31. f5 Nc5 32. Rdd1 Re7 33. Bh5 Rf8 34. Bf7 Rb8 35. g4 h6 36. h4 Rf8 37. g5 Rb8 38. f6 1-0

[Event "Hofheim Spring op-B 5th"]
[Site "Hofheim"]
[Date "2017.04.11"]
[Round "8"]
[White "Weber, Guenter"]
[Black "Makilla, Tobias"]
[Result "1/2-1/2"]
[WhiteElo "1763"]
[BlackElo "1951"]
[PlyCount "47"]
[EventDate "2017.04.07"]
[EventType "swiss"]
[EventRounds "9"]
[EventCountry "GER"]
[SourceTitle "CBM 178 Extra"]
[Source "ChessBase"]
[SourceDate "2017.06.22"]
[SourceVersion "1"]
[SourceVersionDate "2017.06.22"]
[SourceQuality "1"]

1. d4 d5 2. c4 Nc6 3. Nf3 Bg4 4. cxd5 Bxf3 5. dxc6 Bxc6 6. Nc3 Nf6 7. e3 Qd7 8. Qb3 a6 9. f3 e6 10. Be2 0-0-0 11. Bc4 g5 12. Qc2 g4 13. f4 Nh5 14. Rg1 Nxf4 15. exf4 Qxd4 16. Ne2 Bb4+ 17. Kf1 Qd1+ 18. Qxd1 Rxd1+ 19. Kf2 Bc5+ 20. Be3 Bxe3+ 21. Kxe3 Rxa1 22. Rxa1 Bxg2 23. Rg1 Bh3 24. Nc1 1/2-1/2

[Event "Hofheim Spring op-B 5th"]
[Site "Hofheim"]
[Date "2017.04.08"]
[Round "3"]
[White "Junker, Christian"]
[Black "Weber, Guenter"]
[Result "1-0"]
[WhiteElo "1964"]
[BlackElo "1763"]
[PlyCount "79"]
[EventDate "2017.04.07"]
[EventType "swiss"]
[EventRounds "9"]
[EventCountry "GER"]
[SourceTitle "CBM 178 Extra"]
[Source "ChessBase"]
[SourceDate "2017.06.22"]
[SourceVersion "1"]
[SourceVersionDate "2017.06.22"]
[SourceQuality "1"]

1. Nf3 d5 2. g3 g6 3. d3 Bg7 4. Bg2 Nf6 5. Nbd2 0-0 6. 0-0 Nbd7 7. e4 dxe4 8. dxe4 Ng4 9. Nh4 Nb6 10. Qe2 Ne5 11. h3 Nc6 12. f4 e6 13. c3 Bf6 14. Ndf3 Ne7 15. a4 a5 16. Be3 Qe8 17. b3 Bd7 18. Qf2 Nbc8 19. e5 Bg7 20. c4 b6 21. Nd4 Rb8 22. Rfd1 c5 23. Nb5 Bxb5 24. axb5 Nf5 25. Nxf5 gxf5 26. Bc6 Qe7 27. Rd7 Qxd7 28. Bxd7 Ne7 29. Bc6 Rfd8 30. Qe2 f6 31. exf6 Bxf6 32. Re1 Rd6 33. Rd1 Rbd8 34. Rxd6 Rxd6 35. Be8 Kg7 36. Kf1 Ng6 37. h4 Kf8 38. Bc6 e5 39. fxe5 Bxe5 40. Bh6+ 1-0

[Event "Hessen-chB"]
[Site "Marburg"]
[Date "2017.??.??"]
[Round "4"]
[White "Martens, Nick"]
[Black "Weber, Guenter"]
[Result "0-1"]
[WhiteElo "1690"]
[BlackElo "1777"]
[PlyCount "104"]
[EventDate "2017.05.24"]
[EventType "swiss"]
[EventRounds "7"]
[EventCountry "GER"]
[SourceTitle "EXT 2018"]
[Source "ChessBase"]
[SourceDate "2017.10.13"]
[SourceVersion "1"]
[SourceVersionDate "2017.10.13"]
[SourceQuality "1"]

1. f4 d5 2. Nf3 c5 3. e3 Nc6 4. Bb5 Bd7 5. b3 Nf6 6. Bb2 e6 7. 0-0 Be7 8. a3 Qb6 9. Be2 0-0 10. Kh1 c4 11. b4 a5 12. c3 Qc7 13. b5 Nd8 14. a4 b6 15. Ne5 Bd6 16. Ba3 Ne8 17. Rf3 f6 18. Nxd7 Qxd7 19. Rh3 Bxa3 20. Nxa3 f5 21. Nc2 Nb7 22. Nd4 Nc5 23. Qc2 Nf6 24. Rf1 Nfe4 25. Bf3 Rf6 26. Bxe4 fxe4 27. Nc6 Nd3 28. Kg1 Raf8 29. Rb1 Qd6 30. Ra1 Qc5 31. Rh5 Nxf4 32. Qd1 Nxh5 33. Qxh5 Qd6 34. Nd4 Qe7 35. Ne2 Rf5 36. Qg4 Rg5 37. Qh3 Qf6 38. Nf4 Rf5 39. g4 Rxf4 40. exf4 Qxf4 41. Qg2 Qf3 42. h3 Rf4 43. Re1 Kf7 44. Re2 Kf6 45. Re1 Kg5 46. Qxf3 Rxf3 47. Re3 Kf4 48. Rxf3+ Kxf3 49. Kh2 g5 50. h4 Kxg4 51. hxg5 Kxg5 52. Kg3 h5 0-1

[Event "Hessen-chB"]
[Site "Marburg"]
[Date "2017.??.??"]
[Round "7"]
[White "Meyer, Marcel"]
[Black "Weber, Guenter"]
[Result "0-1"]
[WhiteElo "1679"]
[BlackElo "1777"]
[PlyCount "132"]
[EventDate "2017.05.24"]
[EventType "swiss"]
[EventRounds "7"]
[EventCountry "GER"]
[SourceTitle "EXT 2018"]
[Source "ChessBase"]
[SourceDate "2017.10.13"]
[SourceVersion "1"]
[SourceVersionDate "2017.10.13"]
[SourceQuality "1"]

1. d4 d5 2. c4 c6 3. Nf3 Nf6 4. Nc3 e6 5. e3 Be7 6. Bd3 h6 7. 0-0 Nbd7 8. Bd2 Qc7 9. h3 0-0 10. a3 e5 11. dxe5 Nxe5 12. Nxe5 Qxe5 13. cxd5 Nxd5 14. Nxd5 Qxd5 15. Bc3 Rd8 16. Bc2 Be6 17. Qxd5 Bxd5 18. Rfd1 Be6 19. Rxd8+ Rxd8 20. Rd1 Rxd1+ 21. Bxd1 Bc4 22. Bg4 f6 23. Bc8 b6 24. f4 Bd5 25. Kf2 c5 26. Bg4 Kf7 27. Bf3 Ke6 28. e4 Bc4 29. Be2 Bxe2 30. Kxe2 Bd6 31. Kf3 b5 32. Kg4 g6 33. f5+ Kf7 34. Kf3 a6 35. Ke3 h5 36. g4 hxg4 37. hxg4 Bh2 38. Kd3 Bf4 39. Ba5 Be5 40. b3 Bb2 41. a4 g5 42. axb5 axb5 43. Bb6 Ba3 44. Bc7 Ke7 45. Bg3 Bb2 46. Bf2 Kd6 47. Bg3+ Be5 48. Bf2 Bb2 49. Bg3+ Be5 50. Be1 Bb2 51. Ba5 c4+ 52. bxc4 bxc4+ 53. Kxc4 Ke5 54. Kd3 Kf4 55. Bc7+ Kxg4 56. e5 Kxf5 57. exf6 Bxf6 58. Ke3 Kg4 59. Kf2 Kh3 60. Bb6 Be5 61. Kg1 g4 62. Bf2 Bh2+ 63. Kh1 Bg3 64. Bxg3 Kxg3 65. Kg1 Kf3 66. Kf1 g3 0-1

[Event "Hessen-chB"]
[Site "Marburg"]
[Date "2017.??.??"]
[Round "3"]
[White "Zalewski, Ulrich"]
[Black "Weber, Guenter"]
[Result "1-0"]
[WhiteElo "1815"]
[BlackElo "1777"]
[PlyCount "57"]
[EventDate "2017.05.24"]
[EventType "swiss"]
[EventRounds "7"]
[EventCountry "GER"]
[SourceTitle "EXT 2018"]
[Source "ChessBase"]
[SourceDate "2017.10.13"]
[SourceVersion "1"]
[SourceVersionDate "2017.10.13"]
[SourceQuality "1"]

1. e4 c5 2. Nf3 Nc6 3. d4 cxd4 4. Nxd4 d6 5. c4 g6 6. Be3 Bg7 7. Be2 Nf6 8. Nc3 a6 9. f4 e6 10. 0-0 0-0 11. Qd2 Ne8 12. Rad1 Qc7 13. g4 f5 14. exf5 exf5 15. gxf5 Nxd4 16. Bxd4 Bxf5 17. Bxg7 Qxg7 18. Bf3 Rb8 19. Rfe1 b5 20. cxb5 axb5 21. Re2 Qa7+ 22. Kh1 Bc8 23. Rde1 Bb7 24. Nd5 Nf6 25. Re7 Qa6 26. Nxf6+ Rxf6 27. Bxb7 Rxb7 28. Qd5+ Rf7 29. Qxf7+ 1-0

[Event "Hofheim Spring op-B 4th"]
[Site "Hofheim"]
[Date "2016.04.02"]
[Round "9"]
[White "Maam, Tsendjav"]
[Black "Weber, Guenter"]
[Result "1-0"]
[WhiteElo "1882"]
[BlackElo "1793"]
[PlyCount "103"]
[EventDate "2016.03.30"]
[EventType "swiss"]
[EventRounds "9"]
[EventCountry "GER"]
[SourceTitle "EXT 2018"]
[Source "ChessBase"]
[SourceDate "2017.10.13"]
[SourceVersion "1"]
[SourceVersionDate "2017.10.13"]
[SourceQuality "1"]

1. d4 d5 2. c4 c6 3. Nf3 Nf6 4. c5 g6 5. h3 Bg7 6. Bf4 Nbd7 7. e3 0-0 8. Bd3 Nh5 9. Bh2 Re8 10. 0-0 b6 11. cxb6 axb6 12. Be2 Ba6 13. Bxa6 Rxa6 14. Nc3 f5 15. Rc1 e6 16. a3 Nhf6 17. Na2 c5 18. Bg3 Ne4 19. Bf4 g5 20. Bh2 Qe7 21. Nd2 Nxd2 22. Qxd2 Rc8 23. Nc3 Ra5 24. dxc5 Raxc5 25. Ne2 Be5 26. Rxc5 Bxh2+ 27. Kxh2 bxc5 28. a4 Nb6 29. Ra1 Ra8 30. Ng3 g4 31. hxg4 Qh4+ 32. Kg1 Qxg4 33. b3 Qb4 34. Qc2 c4 35. bxc4 Nxc4 36. Rb1 Na3 37. Rxb4 Nxc2 38. Rb2 f4 39. Rb7 d4 40. exd4 Nxd4 41. Rb4 e5 42. Rb7 Ra5 43. Kh2 Rc5 44. Ne4 Ra5 45. Nf6+ Kf8 46. Nxh7+ Ke8 47. Nf6+ Kd8 48. Ng4 Rxa4 49. Nxe5 Ne2 50. Nc6+ Kc8 51. Re7 Nd4 52. Re4 1-0

[Event "Hofheim Spring op-B 4th"]
[Site "Hofheim"]
[Date "2016.04.02"]
[Round "8"]
[White "Weber, Guenter"]
[Black "Haftmann, Rainer"]
[Result "1-0"]
[WhiteElo "1793"]
[BlackElo "1863"]
[PlyCount "85"]
[EventDate "2016.03.30"]
[EventType "swiss"]
[EventRounds "9"]
[EventCountry "GER"]
[SourceTitle "EXT 2018"]
[Source "ChessBase"]
[SourceDate "2017.10.13"]
[SourceVersion "1"]
[SourceVersionDate "2017.10.13"]
[SourceQuality "1"]

1. d4 Nf6 2. g3 d5 3. Bg2 c6 4. Nf3 Nbd7 5. 0-0 e6 6. Nbd2 Bd6 7. Re1 0-0 8. c3 Re8 9. e4 dxe4 10. Nxe4 Nxe4 11. Rxe4 Nf6 12. Re1 h6 13. Qc2 Qc7 14. b3 b6 15. Bb2 Bb7 16. Rad1 Rad8 17. Qc1 Nd7 18. Re3 c5 19. c4 Bxf3 20. Bxf3 cxd4 21. Bxd4 Bc5 22. Red3 Bxd4 23. Rxd4 Ne5 24. Qe3 Rxd4 25. Rxd4 Qc5 26. Bg2 Ng6 27. Qd2 Re7 28. Be4 f5 29. Bg2 Kh7 30. b4 Qe5 31. f4 Qc7 32. Qc2 Rd7 33. Qd3 Rxd4 34. Qxd4 e5 35. fxe5 Qxe5 36. Qxe5 Nxe5 37. c5 bxc5 38. bxc5 Nd7 39. c6 Nb6 40. c7 Kg6 41. Bb7 Kf6 42. c8Q Nxc8 43. Bxc8 1-0

[Event "Hofheim Spring op-B 4th"]
[Site "Hofheim"]
[Date "2016.04.01"]
[Round "6"]
[White "Weber, Guenter"]
[Black "Ovsepyan, Mikhail"]
[Result "1/2-1/2"]
[WhiteElo "1793"]
[BlackElo "1867"]
[PlyCount "49"]
[EventDate "2016.03.30"]
[EventType "swiss"]
[EventRounds "9"]
[EventCountry "GER"]
[SourceTitle "EXT 2018"]
[Source "ChessBase"]
[SourceDate "2017.10.13"]
[SourceVersion "1"]
[SourceVersionDate "2017.10.13"]
[SourceQuality "1"]

1. d4 d5 2. c4 e6 3. Nf3 Nf6 4. Nc3 Be7 5. Qc2 0-0 6. c5 c6 7. h3 Nbd7 8. Bf4 b6 9. cxb6 axb6 10. e3 Ba6 11. Bxa6 Rxa6 12. 0-0 Qa8 13. a3 b5 14. Rab1 b4 15. axb4 Bxb4 16. b3 Nb6 17. Rfc1 Nfd7 18. Bc7 Qb7 19. Bxb6 Bxc3 20. Qxc3 Qxb6 21. Ne1 Rb8 22. b4 f6 23. Nd3 Qd8 24. Nc5 Nxc5 25. bxc5 1/2-1/2

[Event "Hofheim Spring op-B 4th"]
[Site "Hofheim"]
[Date "2016.03.30"]
[Round "3"]
[White "Janzen, Alexej"]
[Black "Weber, Guenter"]
[Result "1/2-1/2"]
[WhiteElo "1942"]
[BlackElo "1793"]
[PlyCount "81"]
[EventDate "2016.03.30"]
[EventType "swiss"]
[EventRounds "9"]
[EventCountry "GER"]
[SourceTitle "EXT 2018"]
[Source "ChessBase"]
[SourceDate "2017.10.13"]
[SourceVersion "1"]
[SourceVersionDate "2017.10.13"]
[SourceQuality "1"]

1. Nf3 d5 2. d4 Nf6 3. c4 c6 4. cxd5 cxd5 5. Nc3 e6 6. Bf4 Bd6 7. Bg3 a6 8. e3 0-0 9. Bd3 h6 10. Rc1 Nc6 11. 0-0 Bxg3 12. hxg3 Bd7 13. Na4 Nb4 14. Bb1 Bxa4 15. Qxa4 Nc6 16. b4 Qe7 17. a3 Rfc8 18. Rc3 Na7 19. Rfc1 Rxc3 20. Rxc3 Rc8 21. Rxc8+ Nxc8 22. Qc2 Nd6 23. Ne5 g6 24. Qc5 Qd8 25. f3 Kg7 26. a4 Nfe8 27. Bd3 Nf5 28. Kf2 Qc7 29. g4 Nfd6 30. Ke2 g5 31. a5 f6 32. Qxc7+ Nxc7 33. Nd7 Ncb5 34. Nc5 Kf7 35. e4 e5 36. Ke3 Ke8 37. g3 Ke7 38. Be2 Kd8 39. Na4 Kd7 40. Nb6+ Kc6 41. Bd3 1/2-1/2

[Event "Hofheim Spring op-B 3rd"]
[Site "Hofheim"]
[Date "2015.04.11"]
[Round "9"]
[White "Weber, Guenter"]
[Black "Winter, Lars"]
[Result "1/2-1/2"]
[WhiteElo "1796"]
[BlackElo "1954"]
[PlyCount "35"]
[EventDate "2015.04.07"]
[EventType "swiss"]
[EventRounds "9"]
[EventCountry "GER"]
[SourceTitle "EXT 2016"]
[Source "ChessBase"]
[SourceDate "2015.10.08"]
[SourceVersion "1"]
[SourceVersionDate "2015.10.08"]
[SourceQuality "1"]

1. d4 Nf6 2. c4 g6 3. Nc3 Bg7 4. e4 d6 5. Be3 0-0 6. h3 Nbd7 7. Nf3 c6 8. Be2 a6 9. a4 Qa5 10. 0-0 e5 11. d5 Nc5 12. Qc2 Bd7 13. Nd2 cxd5 14. exd5 Bf5 15. Qd1 Qb4 16. Bxc5 Qxc5 17. g4 Bd7 18. Nde4 1/2-1/2

[Event "Hofheim Spring op-B 3rd"]
[Site "Hofheim"]
[Date "2015.04.09"]
[Round "5"]
[White "Stock, Juergen"]
[Black "Weber, Guenter"]
[Result "1-0"]
[WhiteElo "1941"]
[BlackElo "1796"]
[PlyCount "73"]
[EventDate "2015.04.07"]
[EventType "swiss"]
[EventRounds "9"]
[EventCountry "GER"]
[SourceTitle "CBM 166 Extra"]
[Source "ChessBase"]
[SourceDate "2015.06.18"]
[SourceVersion "1"]
[SourceVersionDate "2015.06.18"]
[SourceQuality "1"]

1. d4 d5 2. Bg5 Nf6 3. Nd2 Bf5 4. e3 e6 5. f4 Be7 6. Bxf6 Bxf6 7. Be2 h6 8. Bf3 Nd7 9. Ne2 c5 10. c3 0-0 11. 0-0 Bd3 12. Kh1 Be7 13. g4 f5 14. Rg1 c4 15. Ng3 Bh4 16. Nh5 Nf6 17. Nxf6+ Qxf6 18. Rg2 Kh8 19. Qg1 g5 20. gxf5 Qxf5 21. Bg4 Qf6 22. fxg5 hxg5 23. Be2 Bh7 24. Rf1 Qe7 25. Rf3 Rxf3 26. Bxf3 Rf8 27. Qd1 b5 28. a3 Qd6 29. e4 Rf4 30. exd5 exd5 31. Qe1 Bg8 32. Bg4 Bh7 33. Kg1 Bd3 34. Qe8+ Rf8 35. Qh5+ Kg7 36. Be2 Bg6 37. Qg4 1-0

[Event "Eschborn op 11th"]
[Site "Eschborn"]
[Date "2014.09.06"]
[Round "2"]
[White "Roemer, Torsten"]
[Black "Weber, Guenter"]
[Result "1-0"]
[WhiteElo "2004"]
[BlackElo "1707"]
[PlyCount "67"]
[EventDate "2014.09.05"]
[EventType "swiss"]
[EventRounds "5"]
[EventCountry "GER"]
[SourceTitle "EXT 2015"]
[Source "ChessBase"]
[SourceDate "2014.11.20"]
[SourceVersion "1"]
[SourceVersionDate "2014.11.20"]
[SourceQuality "1"]

1. d4 d5 2. c4 e6 3. Nc3 c6 4. Nf3 Nf6 5. Bg5 Be7 6. e3 Nbd7 7. Rc1 0-0 8. Bd3 h6 9. Bh4 dxc4 10. Bxc4 Nd5 11. Bg3 N7f6 12. 0-0 Nxc3 13. bxc3 b6 14. Ne5 Bb7 15. Bd3 Rc8 16. Qe2 b5 17. Bb1 Qe8 18. Bd3 a6 19. a4 Ra8 20. f4 Nd7 21. Be4 Nb6 22. axb5 axb5 23. f5 Bf6 24. Ng4 Bg5 25. f6 Qd8 26. h4 gxf6 27. hxg5 f5 28. Nxh6+ Kg7 29. Bxf5 Qxg5 30. Bf4 Qh4 31. g3 Qe7 32. Qg4+ Kh8 33. Rf2 exf5 34. Nxf5 1-0

[Event "Eschborn op 11th"]
[Site "Eschborn"]
[Date "2014.09.06"]
[Round "3"]
[White "Weber, Guenter"]
[Black "Boerkey, Luis"]
[Result "1-0"]
[WhiteElo "1707"]
[BlackElo "1140"]
[PlyCount "59"]
[EventDate "2014.09.05"]
[EventType "swiss"]
[EventRounds "5"]
[EventCountry "GER"]
[SourceTitle "EXT 2015"]
[Source "ChessBase"]
[SourceDate "2014.11.20"]
[SourceVersion "1"]
[SourceVersionDate "2014.11.20"]
[SourceQuality "1"]

1. d4 d5 2. Bf4 Bf5 3. Nf3 Nf6 4. e3 e6 5. Nbd2 c6 6. Be2 Bd6 7. Bg5 Nbd7 8. Nh4 Bg6 9. Bd3 Qe7 10. a4 e5 11. Nf5 Bxf5 12. Bxf5 exd4 13. 0-0 0-0-0 14. exd4 h6 15. Re1 Qf8 16. Bh4 g5 17. Bg3 Bxg3 18. fxg3 h5 19. Qf3 Re8 20. Rf1 Re7 21. c4 dxc4 22. Nxc4 h4 23. Ne5 Kb8 24. Nc4 hxg3 25. Qxg3+ Ka8 26. a5 Ne4 27. Qf3 Qe8 28. Bxe4 Rxe4 29. Nd6 Qe7 30. Nxe4 1-0

[Event "Hofheim Spring op-B 2nd"]
[Site "Hofheim"]
[Date "2014.04.25"]
[Round "7"]
[White "Siegismund, Florian"]
[Black "Weber, Guenter"]
[Result "1/2-1/2"]
[WhiteElo "1776"]
[BlackElo "1753"]
[PlyCount "39"]
[EventDate "2014.04.22"]
[EventType "swiss"]
[EventRounds "9"]
[EventCountry "GER"]
[SourceTitle "CBM 160 Extra"]
[Source "ChessBase"]
[SourceDate "2014.07.01"]
[SourceVersion "1"]
[SourceVersionDate "2014.07.01"]
[SourceQuality "1"]

1. d4 d5 2. c4 e6 3. cxd5 exd5 4. Nc3 c6 5. Qc2 Nf6 6. Bg5 Be7 7. Nf3 h6 8. Bf4 Be6 9. h3 Nbd7 10. e3 Nb6 11. Bd3 Rc8 12. Na4 Nxa4 13. Qxa4 Qb6 14. 0-0 0-0 15. Rab1 Ne4 16. Rfc1 Rfd8 17. b4 Bd6 18. Bxd6 Nxd6 19. Nd2 Bf5 20. Bxf5 1/2-1/2

[Event "Hofheim Spring op-B 2nd"]
[Site "Hofheim"]
[Date "2014.04.25"]
[Round "6"]
[White "Weber, Guenter"]
[Black "Bolduan, Michael"]
[Result "1-0"]
[WhiteElo "1753"]
[BlackElo "1883"]
[PlyCount "61"]
[EventDate "2014.04.22"]
[EventType "swiss"]
[EventRounds "9"]
[EventCountry "GER"]
[SourceTitle "CBM 160 Extra"]
[Source "ChessBase"]
[SourceDate "2014.07.01"]
[SourceVersion "1"]
[SourceVersionDate "2014.07.01"]
[SourceQuality "1"]

1. d4 f5 2. c4 Nf6 3. Nc3 e6 4. Qc2 d5 5. Bg5 c6 6. e3 Bd6 7. Rc1 0-0 8. Nf3 Qe8 9. Bf4 Bxf4 10. exf4 Ne4 11. Ne5 Nd7 12. cxd5 exd5 13. Bd3 Qh5 14. 0-0 Rf6 15. f3 Nd6 16. Qf2 Rh6 17. g4 fxg4 18. fxg4 Qh3 19. Qg3 Qxg3+ 20. hxg3 Rf6 21. Rce1 Rf8 22. Rf2 Nf7 23. Nxf7 Kxf7 24. Rfe2 Kg8 25. Kg2 Nf6 26. g5 Nh5 27. Re7 g6 28. Rc7 Bg4 29. Ree7 b6 30. Rxh7 Rae8 31. Bxg6 1-0